Datum a čas kvízu
35
Celkem bodů
Celkový počet nahraných bodů na tomto kvízu bez doplňovacích otázek.
7.
Pořadí na kvízu
Konečné umístění týmu na tomto kvízu.
Zaznamenané odpovědi
| # | Otázka | Odpověď | Body | Výsledky |
|---|---|---|---|---|
| 1. | Ve čtvrtek pronásledovali praž... | Rohlík (Rohlík.cz) | 1 | |
| 2. | Ve čtvrtek ustála předsedkyně... | Pfizergate | 1 | |
| 3. | Slavná polská režisérka Agnies... | Franz | 0 | |
| 4. | Nedávno jsme se zmiňovali o ak... | moa, Nový Zéland | 0 | |
| 5. | Který český sportovec či sport... | Kateřina Siniaková, smíšená čtyřhra (mix) | 1 | |
| 6. | Tento snímek pochází z národní... | Žofínský prales | 1 | |
| 7. | Rejvíz je národní přírodní rez... | A) Jeseníků | 1 | |
| 8. | Chráněná krajinná oblast Pálav... | Pavlovské vrchy, Nové Mlýny (Novomlýnská nádrž) | 0.5 | |
| 9. | Nyní se podíváme na nejdelší j... | Koněpruské jeskyně | 1 | |
| 10. | Zde vidíme výhled z rozhledny... | Králický Sněžník | 1 |